000 00506 a2200181 4500
003 OSt
005 20260309150904.0
008 260309b |||||||| |||| 00| 0 eng d
020 _a9788198162434
040 _coclc
082 _a894.812301
_bMON/A
100 _aMonji, Rajesh
_910629
245 _aAnnamudra
_cRajesh Monji
250 _a2ND ED.
260 _aMalappuram:
_bSikha Grandhavedi
_c2025
300 _a88 pages
942 _2ddc
_cBK
_h894.812301
_iMON/A
_k894.812301
_mMON/A
999 _c44705
_d44705